[Event "European Youth Chess Championship B14"]
[Site "Prague, Top Hotel Prague"]
[Date "2016.08.18"]
[Round "1.1"]
[White "Haase, Pavel"]
[Black "Esipenko, Andrey"]
[Result "0-1"]
[WhiteElo "2012"]
[BlackElo "2490"]
[PlyCount "66"]
[EventDate "2016.??.??"]
[WhiteClock "0:00:57"]
[BlackClock "0:17:45"]

1. Nf3 Nf6 2. d4 d5 3. Bf4 e6 4. e3 Bd6 5. Bg3 O-O 6. Bd3 b6 7. Ne5 c5 8. c3
Bb7 9. Nd2 Nc6 10. Ndf3 Ne7 11. Ng5 h6 12. Nh3 Nf5 13. Bxf5 exf5 14. O-O Re8
15. Re1 Qc8 16. Rc1 Ne4 17. Nd3 Nxg3 18. hxg3 c4 19. Nb4 g5 20. Qh5 Qe6 21. Nc2
Kg7 22. Qd1 Kg6 23. Kf1 h5 24. Re2 Rh8 25. Ne1 f6 26. b3 h4 27. gxh4 Rxh4 28.
Nf3 Rh7 29. Nfg1 cxb3 30. axb3 Ba6 31. c4 dxc4 32. Ra2 Bb5 33. d5 cxb3+ 0-1

[Event "European Youth Chess Championship B14"]
[Site "Prague, Top Hotel Prague"]
[Date "2016.08.18"]
[Round "1.2"]
[White "Sargsyan, Shant"]
[Black "Isfan, Ioan-Marius"]
[Result "1-0"]
[WhiteElo "2441"]
[BlackElo "2011"]
[PlyCount "69"]
[EventDate "2016.??.??"]
[WhiteClock "0:09:45"]
[BlackClock "0:02:01"]

1. d4 Nf6 2. c4 e6 3. Nc3 Bb4 4. Qc2 b6 5. a3 Bxc3+ 6. Qxc3 Bb7 7. Bg5 h6 8.
Bh4 d6 9. e3 Nbd7 10. Ne2 Qe7 11. Qc2 g5 12. Bg3 Ne4 13. f3 Nxg3 14. hxg3 O-O-O
15. Nc3 Kb8 16. Bd3 f5 17. O-O-O Nf6 18. Rde1 h5 19. Kb1 h4 20. gxh4 gxh4 21.
Qf2 Rh6 22. Rh3 Rdh8 23. Reh1 Nd7 24. Ne2 Qg5 25. Bc2 Nf6 26. R3h2 Bc8 27. Nf4
e5 28. Nd3 e4 29. Nf4 Bd7 30. Qe1 exf3 31. gxf3 h3 32. Rg1 Qh4 33. Rg3 Nh5 34.
Rg8+ Rxg8 35. Qxh4 1-0

[Event "European Youth Chess Championship B14"]
[Site "Prague, Top Hotel Prague"]
[Date "2016.08.18"]
[Round "1.3"]
[White "Bulockin, Martin"]
[Black "Sonis, Francesco"]
[Result "1/2-1/2"]
[WhiteElo "2010"]
[BlackElo "2427"]
[PlyCount "82"]
[EventDate "2016.??.??"]
[WhiteClock "0:02:04"]
[BlackClock "0:00:53"]

1. e4 c5 2. Nf3 d6 3. d4 cxd4 4. Nxd4 Nf6 5. Nc3 a6 6. Bg5 e6 7. f4 Qb6 8. Nb3
Nbd7 9. Qf3 Qc7 10. O-O-O b5 11. Bd3 Bb7 12. Rhe1 Be7 13. a3 h6 14. Bh4 g5 15.
fxg5 Ne5 16. Qe2 Nfg4 17. h3 hxg5 18. Bg3 Nf6 19. Rf1 Nh5 20. Bh2 Nf4 21. Bxf4
gxf4 22. Kb1 Ng6 23. Qd2 O-O-O 24. a4 Bf6 25. axb5 Bxc3 26. Qxc3 Qxc3 27. bxc3
axb5 28. Nd4 Rh5 29. Nxb5 Rg5 30. Rf2 d5 31. exd5 Rgxd5 32. c4 Rg5 33. Rdd2 e5
34. Bf1 e4 35. Nd6+ Rxd6 36. Rxd6 e3 37. Rxg6 fxg6 38. Rxf4 Bxg2 39. Bxg2 Rxg2
40. Re4 Rg1+ 41. Kb2 Rg3 1/2-1/2

[Event "European Youth Chess Championship B14"]
[Site "Prague, Top Hotel Prague"]
[Date "2016.08.18"]
[Round "1.4"]
[White "Matviishen, Viktor"]
[Black "Gorshtein, Ido"]
[Result "1-0"]
[WhiteElo "2405"]
[BlackElo "2008"]
[PlyCount "95"]
[EventDate "2016.??.??"]
[WhiteClock "0:06:13"]
[BlackClock "0:53:46"]

1. d4 Nf6 2. c4 e6 3. Nc3 Bb4 4. e3 O-O 5. Bd3 d5 6. Nf3 c5 7. O-O dxc4 8. Bxc4
Nc6 9. a3 Ba5 10. Rb1 Qe7 11. Qe2 Rd8 12. Rd1 h6 13. dxc5 Bxc3 14. Rxd8+ Qxd8
15. bxc3 Ne4 16. Bb2 Qe7 17. Rd1 Nxc5 18. e4 b6 19. Nd4 Bb7 20. f3 Ne5 21. Ba2
Ba6 22. c4 Na4 23. Nb5 Nxb2 24. Qxb2 Qc5+ 25. Qf2 Qxf2+ 26. Kxf2 Bxb5 27. cxb5
Rc8 28. Bb1 g5 29. Ke2 Kf8 30. Rd4 Rc1 31. Bd3 Ra1 32. Ra4 Ra2+ 33. Ke3 Rxg2
34. Rxa7 Rxh2 35. Be2 Rh1 36. Rb7 Ra1 37. Kd4 Ng6 38. Rxb6 Rxa3 39. Rb8+ Ke7
40. b6 Kd6 41. Bb5 Ra5 42. Rd8+ Ke7 43. Re8+ Kd6 44. Kc4 Ne5+ 45. Kb4 Ra1 46.
b7 Rb1+ 47. Ka5 Nc4+ 48. Ka6 1-0

[Event "European Youth Chess Championship B14"]
[Site "Prague, Top Hotel Prague"]
[Date "2016.08.18"]
[Round "1.5"]
[White "Veiga, Jose Francisco R P N"]
[Black "Lomasov, Semen"]
[Result "0-1"]
[WhiteElo "2001"]
[BlackElo "2383"]
[PlyCount "64"]
[EventDate "2016.??.??"]
[WhiteClock "0:01:54"]
[BlackClock "0:16:48"]

1. e4 e6 2. d4 d5 3. Nd2 Nc6 4. Ngf3 Nf6 5. e5 Nd7 6. Nb3 a5 7. a4 Be7 8. Bb5
Na7 9. Bd3 b6 10. Bd2 c5 11. dxc5 bxc5 12. Bxa5 Nb6 13. Be2 O-O 14. Bd2 Nc6 15.
Bb5 Qc7 16. Bf4 Ba6 17. O-O Bxb5 18. axb5 Rxa1 19. Nxa1 Na7 20. Qd3 c4 21. Qe2
Nxb5 22. c3 Na4 23. Bc1 Nc5 24. Nc2 Nd3 25. Rd1 Ra8 26. Nce1 Ra2 27. Rxd3 cxd3
28. Qxd3 Ra1 29. Be3 Na7 30. g3 Nc6 31. Bf4 g5 32. Bxg5 Nxe5 0-1

[Event "European Youth Chess Championship B14"]
[Site "Prague, Top Hotel Prague"]
[Date "2016.08.18"]
[Round "1.6"]
[White "Engel, Luis"]
[Black "Shmavonyan, Areg"]
[Result "1-0"]
[WhiteElo "2383"]
[BlackElo "1998"]
[PlyCount "85"]
[EventDate "2016.??.??"]
[WhiteClock "0:14:24"]
[BlackClock "0:00:47"]

1. c4 Nf6 2. Nc3 c5 3. Nf3 e6 4. e4 d6 5. d4 cxd4 6. Nxd4 Be7 7. Be2 O-O 8. O-O
b6 9. Bf3 e5 10. Nf5 Be6 11. b3 Na6 12. Ne3 Rc8 13. a4 Nc5 14. Ba3 Qd7 15. Qc2
g6 16. Rfd1 Ne8 17. Ned5 Bg5 18. Nb5 f5 19. a5 fxe4 20. Bxe4 Qf7 21. Bxc5 bxc5
22. Ndc3 Rd8 23. a6 Bh4 24. Rd2 Bg5 25. Rd3 Qe7 26. Bb7 Bf5 27. Ne4 Bh6 28. Qe2
Kh8 29. Nxa7 Bxe4 30. Qxe4 Nf6 31. Qe2 Rd7 32. Nc8 Rxc8 33. Bxc8 Ra7 34. Rad1
d5 35. cxd5 Qd6 36. Bb7 e4 37. Rc3 Bf4 38. g3 Be5 39. Rc2 Bd4 40. b4 Qe7 41.
bxc5 Bxc5 42. d6 Bxd6 43. Qe3 1-0

[Event "European Youth Chess Championship B14"]
[Site "Prague, Top Hotel Prague"]
[Date "2016.08.18"]
[Round "1.7"]
[White "Orfini, Nicolo`"]
[Black "Kozak, Adam"]
[Result "1/2-1/2"]
[WhiteElo "1996"]
[BlackElo "2376"]
[PlyCount "98"]
[EventDate "2016.??.??"]
[WhiteClock "0:21:17"]
[BlackClock "0:07:57"]

1. Nf3 d5 2. g3 c6 3. Bg2 Bg4 4. O-O Nf6 5. d3 e6 6. Nbd2 Be7 7. Re1 O-O 8. c3
Nbd7 9. Qc2 a5 10. e4 a4 11. h3 Bh5 12. g4 Bg6 13. Nh4 Qc7 14. Nxg6 hxg6 15. d4
dxe4 16. Nxe4 Nxe4 17. Bxe4 Nf6 18. Bg2 Nd5 19. a3 Nf4 20. Bxf4 Qxf4 21. Qe4
Qc7 22. Rad1 g5 23. Qe3 Ra5 24. Re2 Bf6 25. Red2 Rd8 26. Qe4 Qb6 27. Qc2 Raa8
28. Be4 Rd7 29. Bg2 Qb5 30. Bf1 Qa5 31. Bg2 Rad8 32. Qe4 Be7 33. Qe2 Bd6 34.
Rd3 Bf4 35. Qc2 Qb6 36. Be4 Ra8 37. Kg2 Ra5 38. c4 Rd8 39. Qc3 Raa8 40. Bf3 Qc7
41. Be4 Bd6 42. Qc2 Be7 43. R1d2 Bf6 44. Rd1 Qb6 45. c5 Qc7 46. Kg1 Rd7 47. Kg2
Ra5 48. R1d2 Qf4 49. Rf3 Rxc5 1/2-1/2

[Event "European Youth Chess Championship B14"]
[Site "Prague, Top Hotel Prague"]
[Date "2016.08.18"]
[Round "1.8"]
[White "Keinanen, Toivo"]
[Black "Nilsen, Tobias Lang"]
[Result "1-0"]
[WhiteElo "2337"]
[BlackElo "1987"]
[PlyCount "75"]
[EventDate "2016.??.??"]
[WhiteClock "0:35:28"]
[BlackClock "0:00:46"]

1. c4 c5 2. g3 g6 3. Bg2 Bg7 4. Nf3 Nc6 5. Nc3 e6 6. d3 Nge7 7. Bg5 h6 8. Bd2
b6 9. a3 Bb7 10. O-O O-O 11. Qc1 Kh7 12. Rb1 Rb8 13. b4 d6 14. b5 Nd4 15. Nxd4
cxd4 16. Na2 Bxg2 17. Kxg2 Rc8 18. Qc2 Qd7 19. Qb3 Rfd8 20. Rfc1 d5 21. a4 dxc4
22. dxc4 d3 23. exd3 Qxd3 24. Qxd3 Rxd3 25. Bb4 Nf5 26. c5 bxc5 27. Bxc5 Bd4
28. Bxa7 Rxc1 29. Nxc1 Ra3 30. Bxd4 Nxd4 31. Rb4 Nc2 32. Rb2 Ne1+ 33. Kf1 Nf3
34. b6 Ne5 35. b7 Nd7 36. Rd2 Nb8 37. Rd8 Na6 38. Ra8 1-0

[Event "European Youth Chess Championship B14"]
[Site "Prague, Top Hotel Prague"]
[Date "2016.08.18"]
[Round "1.9"]
[White "Kreutzmann, Duke"]
[Black "Baenziger, Fabian"]
[Result "0-1"]
[WhiteElo "1975"]
[BlackElo "2325"]
[PlyCount "58"]
[EventDate "2016.??.??"]
[WhiteClock "0:03:34"]
[BlackClock "0:41:51"]

1. d4 Nf6 2. Nf3 d6 3. Nbd2 g6 4. e4 Bg7 5. Bd3 O-O 6. O-O Nfd7 7. c3 e5 8. Nc4
Nc6 9. Bg5 Qe8 10. Bc2 Nb6 11. Ne3 h6 12. d5 Nb8 13. Bh4 f5 14. exf5 gxf5 15.
Re1 Qh5 16. Nf1 Qf7 17. Bb3 a5 18. a3 a4 19. Ba2 Na6 20. Qd2 Nc5 21. Rad1 f4
22. h3 Bf5 23. Bb1 Bxb1 24. Rxb1 Qxd5 25. Rbd1 Qxd2 26. N1xd2 Nd3 27. Re2 Nxb2
28. Rb1 Nd3 29. Be7 Rfe8 0-1

[Event "European Youth Chess Championship B14"]
[Site "Prague, Top Hotel Prague"]
[Date "2016.08.18"]
[Round "1.10"]
[White "Henderson, De La Fuente Lance"]
[Black "Mahmutbegovic, Muharem"]
[Result "1-0"]
[WhiteElo "2306"]
[BlackElo "1966"]
[PlyCount "41"]
[EventDate "2016.??.??"]
[WhiteClock "0:49:57"]
[BlackClock "0:03:57"]

1. e4 c5 2. Nf3 d6 3. Bb5+ Nd7 4. O-O a6 5. Bd3 Ngf6 6. c3 e5 7. Bc2 Be7 8. d4
cxd4 9. cxd4 O-O 10. Nbd2 Qc7 11. Re1 b5 12. b3 Bb7 13. Bb2 Rac8 14. Rc1 Rfd8
15. Bb1 Qa5 16. Rxc8 Rxc8 17. Nf1 b4 18. Ne3 exd4 19. Nxd4 g6 20. Nc4 d5 21.
Nxa5 1-0

[Event "European Youth Chess Championship B14"]
[Site "Prague, Top Hotel Prague"]
[Date "2016.08.18"]
[Round "1.11"]
[White "Golding, Alex"]
[Black "Davtyan, Artur"]
[Result "1/2-1/2"]
[WhiteElo "1958"]
[BlackElo "2304"]
[PlyCount "111"]
[EventDate "2016.??.??"]
[WhiteClock "1:26:38"]
[BlackClock "0:00:39"]

1. e4 c5 2. Nf3 Nc6 3. d4 cxd4 4. Nxd4 Qb6 5. Nb3 Nf6 6. Nc3 e6 7. a3 Qc7 8.
Bg5 Be7 9. f4 d6 10. Bxf6 gxf6 11. Qf3 a6 12. O-O-O b5 13. Nd4 Bd7 14. g3 Nxd4
15. Rxd4 Qc5 16. Rd2 a5 17. Qd3 Rb8 18. Qd4 b4 19. Qxc5 dxc5 20. Nb1 Bc6 21.
Bg2 c4 22. axb4 axb4 23. c3 Bc5 24. Re1 Ra8 25. e5 Bxg2 26. Rxg2 f5 27. cxb4
Bxb4 28. Rd1 Bc5 29. Kc2 Ke7 30. Rgd2 Ra7 31. Re2 Rb8 32. Nd2 Ra4 33. Kc3 Bb4+
34. Kc2 Bc5 35. Kc3 Bb4+ 36. Kc2 Ba5 37. Re3 Rab4 38. Rb1 Rd8 39. Rd1 Bb6 40.
Ra3 Bd4 41. Ra2 Rdb8 42. Rb1 Be3 43. Rd1 Bd4 44. Rb1 Rc8 45. Ra3 Rd8 46. Nf3
Bb6 47. Nd2 Rd4 48. Ra8 Bc5 49. Rc8 Rd5 50. Kc3 Rd3+ 51. Kc2 Rd5 52. Kc3 Rd3+
53. Kc2 Rd5 54. Kc3 Rd3+ 55. Kc2 Rd5 56. Kc3 1/2-1/2

[Event "European Youth Chess Championship B14"]
[Site "Prague, Top Hotel Prague"]
[Date "2016.08.18"]
[Round "1.12"]
[White "Zarubitski, Viachaslau"]
[Black "Buitron, Ramil David"]
[Result "1-0"]
[WhiteElo "2300"]
[BlackElo "1949"]
[PlyCount "81"]
[EventDate "2016.??.??"]
[WhiteClock "0:28:30"]
[BlackClock "0:01:14"]

1. e4 c5 2. Nf3 d6 3. d4 cxd4 4. Nxd4 Nf6 5. Nc3 g6 6. Be2 Bg7 7. Be3 O-O 8.
O-O Nc6 9. Qd2 d5 10. exd5 Nxd5 11. Nxd5 Nxd4 12. Bc4 Be6 13. Bxd4 Bxd5 14.
Bxg7 Bxc4 15. Qc3 Bxf1 16. Bxf8 Qxf8 17. Rxf1 Qd8 18. Qe3 e6 19. c4 a5 20. b3
Rc8 21. Qf3 Qe7 22. h4 b6 23. g3 Rd8 24. h5 gxh5 25. Qxh5 Rd2 26. Rd1 Rxd1+ 27.
Qxd1 Qc5 28. Qg4+ Kf8 29. Qf4 h5 30. Kg2 Qc6+ 31. Qf3 Qc5 32. Qf6 Qc6+ 33. Kh2
Qc5 34. Kh3 a4 35. Kh4 axb3 36. axb3 Ke8 37. Qf4 Qb4 38. Qe3 b5 39. Qb6 Qe7+
40. Kxh5 bxc4 41. Qb8+ 1-0

[Event "European Youth Chess Championship B14"]
[Site "Prague, Top Hotel Prague"]
[Date "2016.08.18"]
[Round "1.13"]
[White "Huynh, Laurent"]
[Black "Shubin, Kirill"]
[Result "1/2-1/2"]
[WhiteElo "1934"]
[BlackElo "2298"]
[PlyCount "105"]
[EventDate "2016.08.18"]

1. e4 e6 2. d3 d5 3. Nd2 c5 4. Ngf3 Nc6 5. g3 Nf6 6. Bg2 Bd6 7. O-O O-O 8. Re1
Qc7 9. Qe2 dxe4 10. dxe4 e5 11. c3 a6 12. Nc4 b5 13. Nxd6 Qxd6 14. Rd1 Qe7 15.
Nh4 Bg4 16. f3 Be6 17. Be3 Na5 18. Qf2 Rac8 19. b3 Nb7 20. g4 a5 21. Nf5 Bxf5
22. gxf5 c4 23. bxc4 Rxc4 24. Bf1 Rxc3 25. Bxb5 Nd6 26. Be2 Rfc8 27. Rac1 Rxc1
28. Rxc1 Rb8 29. Bc5 Nfxe4 30. Qe3 Nxc5 31. Rxc5 Nxf5 32. Qxe5 Qxe5 33. Rxe5
Nd4 34. Bd1 Ra8 35. Kf2 Nc6 36. Re2 Kf8 37. Ba4 Nb4 38. a3 Nd3+ 39. Kg3 Nc5 40.
Bb5 f6 41. Rc2 Rc8 42. Rc4 Ke7 43. a4 Rc7 44. Rd4 f5 45. Rd5 g6 46. Re5+ Kf6
47. Re8 g5 48. h4 gxh4+ 49. Kxh4 Ra7 50. Rc8 Ne6 51. Bc4 Nd4 52. Kg3 Rd7 53.
Kf4 1/2-1/2

[Event "European Youth Chess Championship B14"]
[Site "Prague, Top Hotel Prague"]
[Date "2016.08.18"]
[Round "1.14"]
[White "Pultorak, Jan"]
[Black "Svanda, Ondrej"]
[Result "1-0"]
[WhiteElo "2296"]
[BlackElo "1927"]
[PlyCount "41"]
[EventDate "2016.08.18"]

1. d4 Nf6 2. c4 e6 3. Nc3 Bb4 4. Qc2 b6 5. e4 Bb7 6. Bd3 c5 7. d5 e5 8. f4 d6
9. fxe5 dxe5 10. Nge2 Nbd7 11. O-O Bxc3 12. Qxc3 Qc7 13. Ng3 O-O 14. Nf5 Ne8
15. Qe1 Nd6 16. Ne7+ Kh8 17. Qh4 Rfe8 18. Rf3 Nf8 19. Bg5 b5 20. Bf6 Rxe7 21.
Bxe7 1-0

[Event "European Youth Chess Championship B14"]
[Site "Prague, Top Hotel Prague"]
[Date "2016.08.18"]
[Round "1.15"]
[White "Lomandong, Marc-Antoine"]
[Black "Salemgareev, Tagir"]
[Result "0-1"]
[WhiteElo "1918"]
[BlackElo "2293"]
[PlyCount "50"]
[EventDate "2016.08.18"]

1. d4 Nf6 2. Nf3 e6 3. Bg5 c5 4. e3 Nc6 5. c3 d5 6. Nbd2 Be7 7. Bd3 O-O 8. O-O
b6 9. Ne5 Nxe5 10. dxe5 Nd7 11. Bxe7 Qxe7 12. f4 Bb7 13. Rf3 g6 14. Rh3 Rfd8
15. Nf3 Rac8 16. g4 d4 17. exd4 Bxf3 18. Qxf3 cxd4 19. cxd4 Qb4 20. Qf2 Nf8 21.
Rf3 Qxd4 22. Qxd4 Rxd4 23. Kf2 Rcd8 24. Ke2 g5 25. Raf1 gxf4 0-1

[Event "European Youth Chess Championship B14"]
[Site "Prague, Top Hotel Prague"]
[Date "2016.08.18"]
[Round "1.16"]
[White "Gavrilescu, David"]
[Black "Petr, Jakub"]
[Result "1-0"]
[WhiteElo "2285"]
[BlackElo "1917"]
[PlyCount "67"]
[EventDate "2016.08.18"]

1. d4 Nf6 2. Bg5 Ne4 3. Bf4 c5 4. f3 Qa5+ 5. c3 Nf6 6. d5 e6 7. e4 exd5 8. exd5
d6 9. Qe2+ Kd8 10. Qd2 Nbd7 11. Na3 Be7 12. Nh3 h6 13. Nf2 Re8 14. Be2 a6 15.
Nc4 Qc7 16. a4 Nb6 17. Nxb6 Qxb6 18. O-O Bf8 19. Rfe1 Qb3 20. c4 a5 21. Nd1 Bd7
22. Nc3 g5 23. Be3 Bg7 24. h4 Ng4 25. Bd1 Qxc4 26. fxg4 Bd4 27. Bf3 Bxe3+ 28.
Rxe3 gxh4 29. Rxe8+ Bxe8 30. Qxh6 Qd4+ 31. Kh1 Kc7 32. Re1 Bd7 33. Re7 Rh8 34.
Nb5+ 1-0

[Event "European Youth Chess Championship B14"]
[Site "Prague, Top Hotel Prague"]
[Date "2016.08.18"]
[Round "1.17"]
[White "Lund, Gunnar"]
[Black "Guerra Rivera, Salvador"]
[Result "0-1"]
[WhiteElo "1913"]
[BlackElo "2285"]
[PlyCount "56"]
[EventDate "2016.08.18"]

1. b3 Nf6 2. Bb2 g6 3. e3 Bg7 4. f4 O-O 5. Nf3 d6 6. Be2 c5 7. O-O Nc6 8. Na3
a6 9. c4 e5 10. fxe5 Ng4 11. Nc2 dxe5 12. h3 Nh6 13. e4 f5 14. d3 Nf7 15. Ne3
Nd6 16. Qc2 Nd4 17. Nxd4 exd4 18. Nd5 Be6 19. Rae1 Rc8 20. Bf3 fxe4 21. dxe4
Be5 22. Qd3 Qh4 23. Bd1 Kg7 24. Bc2 b5 25. Bc1 bxc4 26. bxc4 Nxc4 27. Qxc4 Qg3
28. Rxf8 Rxf8 0-1

[Event "European Youth Chess Championship B14"]
[Site "Prague, Top Hotel Prague"]
[Date "2016.08.18"]
[Round "1.18"]
[White "Tomasi, Albert"]
[Black "Kirilov, Ivaylo"]
[Result "0-1"]
[WhiteElo "2276"]
[BlackElo "1911"]
[PlyCount "58"]
[EventDate "2016.08.18"]

1. e4 e5 2. Nf3 Nc6 3. Bb5 a6 4. Ba4 Nf6 5. O-O b5 6. Bb3 Be7 7. d3 d6 8. c3
O-O 9. Re1 Na5 10. Bc2 c5 11. Nbd2 Re8 12. Nf1 g6 13. Bg5 Nh5 14. Be3 Bf8 15.
h3 Bg7 16. a4 Bd7 17. d4 Qc7 18. dxe5 dxe5 19. Bxc5 Qxc5 20. Qxd7 Rad8 21. Qg4
b4 22. cxb4 Qxc2 23. bxa5 Nf4 24. Qh4 Qxb2 25. Rab1 Qc2 26. Rb7 h6 27. N1h2 Rd1
28. Rb4 Nd3 29. Rc4 Rxe1+ 0-1

[Event "European Youth Chess Championship B14"]
[Site "Prague, Top Hotel Prague"]
[Date "2016.08.18"]
[Round "1.19"]
[White "Bystritskiy, Daniil"]
[Black "Karayev, Kanan"]
[Result "0-1"]
[WhiteElo "1906"]
[BlackElo "2275"]
[PlyCount "132"]
[EventDate "2016.08.18"]

1. d4 g6 2. c4 Bg7 3. Nc3 d6 4. e4 Nc6 5. Be3 e5 6. d5 Nce7 7. f3 f5 8. Qd2 Nf6
9. Bh6 O-O 10. Bd3 c5 11. Nge2 a6 12. a3 b5 13. Be3 Bd7 14. O-O f4 15. Bf2 Re8
16. b4 cxb4 17. axb4 bxc4 18. Bxc4 g5 19. b5 g4 20. fxg4 axb5 21. Rxa8 Qxa8 22.
Bxb5 Bxb5 23. Nxb5 Nxe4 24. Qd3 Qxd5 25. Qxd5+ Nxd5 26. Rd1 Ndf6 27. g5 Nxg5
28. Nxd6 Rd8 29. Nc3 e4 30. Nf5 Rxd1+ 31. Nxd1 e3 32. Ndxe3 fxe3 33. Bxe3 Nge4
34. Nxg7 Kxg7 35. g3 Kg6 36. Kg2 Kf5 37. h3 Nd5 38. Bd4 Nd2 39. Kf2 Ke4 40. Bg7
Nf3 41. Bh6 Nb4 42. g4 Ne5 43. Kg3 Nd5 44. Bg7 Ng6 45. h4 Ne3 46. Bf6 Ne5 47.
g5 Nd5 48. Bg7 Nf4 49. Bf8 Nh5+ 50. Kh3 Kf3 51. Kh2 Ng6 52. Bd6 Kg4 53. Kg2
Nxh4+ 54. Kh2 Nf3+ 55. Kg2 Nxg5 56. Bb8 Nf4+ 57. Kh2 h5 58. Kh1 Kg3 59. Bc7 Ne4
60. Bb8 h4 61. Bc7 h3 62. Bb6 Nf2+ 63. Bxf2+ Kxf2 64. Kh2 Kf3 65. Kh1 Kg3 66.
Kg1 Nd3 0-1

[Event "European Youth Chess Championship B14"]
[Site "Prague, Top Hotel Prague"]
[Date "2016.08.18"]
[Round "1.20"]
[White "Olsen, Filip Boe"]
[Black "Gloser, David"]
[Result "1-0"]
[WhiteElo "2260"]
[BlackElo "1900"]
[PlyCount "83"]
[EventDate "2016.08.18"]

1. d4 Nf6 2. c4 c5 3. d5 b5 4. cxb5 a6 5. f3 g6 6. e4 d6 7. Na3 Bg7 8. Ne2 axb5
9. Nxb5 Ba6 10. Nec3 O-O 11. Be2 Nbd7 12. Be3 Qa5 13. O-O Rfb8 14. a4 Ne8 15.
Qc2 Nc7 16. Rab1 Bxb5 17. Nxb5 Nxb5 18. Bxb5 Qd8 19. f4 Rc8 20. Bc6 Rab8 21. a5
Nf6 22. a6 Qb6 23. Bb7 Rf8 24. h3 Qb4 25. e5 Nd7 26. Ra1 Nb6 27. Rf3 Nc4 28.
Bf2 Na5 29. Bc6 Nxc6 30. dxc6 Qb6 31. a7 Ra8 32. Qa4 Rfc8 33. Rb3 Qd8 34. Qa5
Qe8 35. c7 Qc6 36. Rb8 Rf8 37. Qb6 Qe4 38. Qb7 Qxb7 39. Rxb7 dxe5 40. Rb8 exf4
41. Rxf8+ Bxf8 42. c8=Q 1-0

[Event "European Youth Chess Championship B14"]
[Site "Prague, Top Hotel Prague"]
[Date "2016.08.18"]
[Round "1.21"]
[White "Sjoberg, Isak"]
[Black "Travadon, Loic"]
[Result "1/2-1/2"]
[WhiteElo "1893"]
[BlackElo "2258"]
[PlyCount "86"]
[EventDate "2016.08.18"]

1. e4 c5 2. Nf3 d6 3. d4 cxd4 4. Qxd4 a6 5. h3 Nc6 6. Qe3 g6 7. c4 Bg7 8. Nc3
Nf6 9. Be2 O-O 10. O-O Nd7 11. Rb1 b6 12. b4 Bb7 13. a3 Rc8 14. Bb2 Nce5 15.
Nd2 e6 16. f4 Nc6 17. Nd1 e5 18. f5 Nd4 19. Nf3 gxf5 20. Nxd4 exd4 21. Bxd4
Bxd4 22. Qxd4 Bxe4 23. Rb3 Qf6 24. Qxf6 Nxf6 25. Rg3+ Kh8 26. Ne3 Rg8 27. Nxf5
Bxf5 28. Rxg8+ Kxg8 29. Rxf5 Kg7 30. Rf4 Re8 31. Bd3 Re1+ 32. Rf1 Rxf1+ 33.
Kxf1 Nd7 34. Kf2 Ne5 35. Ke3 h6 36. Kd4 Kf6 37. Be4 Ke6 38. Bb7 a5 39. c5 axb4
40. Bc8+ Ke7 41. axb4 Nc6+ 42. Kc4 dxc5 43. bxc5 bxc5 1/2-1/2

[Event "European Youth Chess Championship B14"]
[Site "Prague, Top Hotel Prague"]
[Date "2016.08.18"]
[Round "1.22"]
[White "Teclaf, Pawel"]
[Black "Gherghel-Butan, Mircea"]
[Result "1-0"]
[WhiteElo "2247"]
[BlackElo "1892"]
[PlyCount "119"]
[EventDate "2016.08.18"]

1. e4 Nf6 2. e5 Nd5 3. d4 d6 4. Nf3 dxe5 5. Nxe5 c6 6. Be2 Nd7 7. Nf3 N7f6 8.
c4 Nb6 9. h3 Bf5 10. Nc3 e6 11. O-O h6 12. Qb3 Qc7 13. Ne5 Rd8 14. Rd1 Be7 15.
Bf4 Qc8 16. a4 O-O 17. a5 Nbd7 18. Nf3 Ne4 19. c5 a6 20. Na4 Nef6 21. Nb6 Nxb6
22. axb6 Nd5 23. Bh2 Qd7 24. Ne5 Qe8 25. Nc4 Ra8 26. Bf3 Qd7 27. Bd6 Bxd6 28.
Nxd6 Bg6 29. Bxd5 cxd5 30. Rdc1 Rab8 31. Qg3 Qc6 32. b4 Bh5 33. Qh4 Be2 34. Qe7
Bb5 35. Rc3 Qd7 36. Qh4 Bc6 37. Rg3 Kh8 38. Raa3 Qd8 39. Qg4 g6 40. Raf3 Qe7
41. Qf4 Kg7 42. Nxf7 Qxf7 43. Qe5+ Kg8 44. Rxf7 Kxf7 45. Rf3+ Kg8 46. Qxe6+ Kg7
47. Rg3 g5 48. Qe5+ Kh7 49. h4 Rbe8 50. Qc7+ Kg6 51. h5+ Kxh5 52. Rh3+ Kg6 53.
Qd6+ Rf6 54. Rxh6+ Kxh6 55. Qxf6+ Kh5 56. f3 Re1+ 57. Kf2 Ra1 58. Kg3 Ra4 59.
Qg7 Rxb4 60. Qh7# 1-0

[Event "European Youth Chess Championship B14"]
[Site "Prague, Top Hotel Prague"]
[Date "2016.08.18"]
[Round "1.23"]
[White "Slobodiansky, Steven"]
[Black "Kaasen, Tor Fredrik"]
[Result "1/2-1/2"]
[WhiteElo "1891"]
[BlackElo "2229"]
[PlyCount "72"]
[EventDate "2016.08.18"]

1. e4 c5 2. Nf3 d6 3. d4 cxd4 4. Nxd4 Nf6 5. Nc3 a6 6. f3 e5 7. Nb3 Be6 8. Be3
Be7 9. Qd2 O-O 10. O-O-O b5 11. g4 b4 12. Nd5 Bxd5 13. exd5 a5 14. h4 Qc7 15.
Kb1 Rc8 16. g5 Nh5 17. Bh3 Nd7 18. Bg4 a4 19. Na1 Nf4 20. Bxf4 exf4 21. Rhe1
Bf8 22. Bxd7 Qxd7 23. Qxf4 g6 24. h5 Bg7 25. hxg6 hxg6 26. Re4 Qc7 27. Rde1 b3
28. c4 bxa2+ 29. Kxa2 Be5 30. Qe3 Rcb8 31. Re2 Qa5 32. Rxe5 dxe5 33. Qxe5 Qc5
34. Rh2 Qxc4+ 35. Kb1 Qf1+ 36. Ka2 Qc4+ 1/2-1/2

[Event "European Youth Chess Championship B14"]
[Site "Prague, Top Hotel Prague"]
[Date "2016.08.18"]
[Round "1.24"]
[White "Sahidi, Samir"]
[Black "Lavorgna, Francesco"]
[Result "1-0"]
[WhiteElo "2225"]
[BlackElo "1887"]
[PlyCount "93"]
[EventDate "2016.08.18"]

1. e4 c6 2. d4 d5 3. Nc3 dxe4 4. Nxe4 Nf6 5. Nxf6+ exf6 6. Nf3 Bd6 7. Bc4 O-O
8. O-O Bg4 9. h3 Bh5 10. c3 Re8 11. Be3 Nd7 12. g4 Bg6 13. Bd3 Qc7 14. Bxg6
hxg6 15. Qd3 Rad8 16. Kg2 Bf4 17. Rfe1 Bxe3 18. Rxe3 Nb6 19. c4 Rxe3 20. fxe3
Nd7 21. Qa3 Nb6 22. Qd3 Nd7 23. Rd1 Nc5 24. Qc2 Ne6 25. b4 Qe7 26. a3 a5 27.
Rb1 axb4 28. axb4 Ra8 29. Rb2 Ra3 30. Rb3 Rxb3 31. Qxb3 f5 32. c5 fxg4 33. hxg4
Nc7 34. Ne5 Nd5 35. b5 f6 36. bxc6 bxc6 37. e4 fxe5 38. exd5 exd4 39. d6+ Qf7
40. Qxf7+ Kxf7 41. Kf3 g5 42. Ke4 d3 43. Kxd3 g6 44. Kc4 Ke8 45. Kb4 Kd8 46.
Ka5 Kc8 47. Kb6 1-0

[Event "European Youth Chess Championship B14"]
[Site "Prague, Top Hotel Prague"]
[Date "2016.08.18"]
[Round "1.25"]
[White "Van, Malder Dries"]
[Black "Vrolijk, Liam"]
[Result "1/2-1/2"]
[WhiteElo "1883"]
[BlackElo "2221"]
[PlyCount "105"]
[EventDate "2016.08.18"]

1. d4 g6 2. c4 Bg7 3. Nc3 Nf6 4. e4 d6 5. f3 c6 6. Be3 a6 7. Bd3 Nfd7 8. Nge2
c5 9. d5 Ne5 10. a4 e6 11. O-O O-O 12. Nf4 Nxd3 13. Nxd3 Nd7 14. Qd2 Nb6 15. b3
exd5 16. cxd5 c4 17. a5 cxd3 18. Bxb6 Qf6 19. Rac1 Bd7 20. Qxd3 Rac8 21. Ne2
Qb2 22. Rxc8 Rxc8 23. Nd4 Rc3 24. Qb1 Qa3 25. Qe1 Rd3 26. Qh4 Bxd4+ 27. Bxd4
Rxd4 28. Qd8+ Kg7 29. Qxd7 Rd2 30. Kh1 Qb4 31. Qc7 Ra2 32. h3 Rxa5 33. e5 dxe5
34. Qxe5+ Kg8 35. Rc1 Rc5 36. Rd1 Qxb3 37. Qd4 Rc4 38. Qd2 Rc2 39. Qe1 Rc8 40.
d6 Qe6 41. d7 Rd8 42. Qc3 b5 43. Qc5 b4 44. Rd6 Qe1+ 45. Kh2 Qa1 46. f4 Qg7 47.
Qc8 Qf8 48. Qxa6 b3 49. Rd3 b2 50. Qb7 Qe7 51. Rd1 b1=Q 52. Qxb1 Rxd7 53. Rxd7
1/2-1/2